| 000 | 00771cam a22002657a 4500 | ||
|---|---|---|---|
| 003 | OSt | ||
| 008 | 240203b |||||||| |||| 00| 0 eng d | ||
| 020 | _a0854046585 | ||
| 020 | _a9780854046584 | ||
| 041 | _aeng | ||
| 082 | 0 | 0 |
_a628.168 _bTHO/WA |
| 245 | 0 | 0 | _aWater contamination emergencies : |
| 260 |
_aCambridge : _bRoyal Society of Chemistry, _cc2006. |
||
| 300 |
_ax, 372 p. : _bill. ; |
||
| 490 | 1 | _aSpecial publication / Royal Society of Chemistry ; | |
| 500 | _aProceedings of the conference held in 2005. | ||
| 650 | 0 |
_aWater _95809 |
|
| 650 | 0 |
_aWater _95809 |
|
| 650 | 0 |
_aEmergency management _95810 |
|
| 650 | 0 |
_aWater _95809 |
|
| 650 | 0 |
_aHealth risk assessment _95811 |
|
| 700 | 1 |
_aThompson, K. C. _95812 |
|
| 700 | 1 |
_aGray, J. _95813 |
|
| 942 | _cBK | ||
| 999 |
_c14044 _d14044 |
||